000 01139cam a2200253 4500
001 WB3641-09
008 000000n2000 000 0 eng u
035 _a(Sirsi) u108837
245 _a'Energy labelling' introduced for new homes
260 _c2000
490 _aDETR Press Release
_v(641) 13 October 2000, (4)
520 _aUnder the revised Building Regulations and Approved Inspectors Regulations 2000 the government will require house builders to visually display energy ratings of all new homes. Building inspectors will also be required to liase more closely with fire authorites at the design and construction stages to ensure that the finished building meets the requirements of fire precautions legislation.
590 _aWB
650 _aBUILDING REGULATIONS 2000
650 _aBUILDING (APPROVED INSPECTORS ETC.) REGULATIONS 2000
650 _aNEW HOMES
650 _aFIRE
650 _aSTANDARD ASSESSMENT PROCEDURE
650 _aENERGY LABELLING
650 _aENERGY EFFICIENCY
650 _aENERGY RATING
690 _aENVIRONMENTAL AND LAND CONSULTANCY-ENERGY-ENERGY USE-ENERGY EFFICIENCY
942 _n0
999 _c64979
_d64979